Microsoft® Windows® Registry Guide, 2nd Edition /

Get the in-depth information you need to modify-and seamlessly manage-the Windows registry. Written for IT professionals and power users, this vital resource reveals little-known registry techniques, tricks, tips, and secrets to make your job easier. Understand the inner workings of the Windows oper...

Full description

Bibliographic Details
Main Author: Honeycutt, Jerry (Author)
Corporate Author: Safari, an O'Reilly Media Company
Format: eBook
Language:English
Published: Microsoft Press, 2005.
Edition:2nd edition.
Subjects:
Online Access:Connect to this electronic resource

MARC

Tag First Indicator Second Indicator Subfields
LEADER 00000uam a2200000 a 4500
001 in00004252002
005 20260128151202.1
006 m o d
007 cr cn
008 090813s2005 xx o eng
020 |z 9780735622180 
035 |a (CaSebORM)0735622183 
040 |d UtOrBLW 
041 0 |a eng 
100 1 |a Honeycutt, Jerry,  |e author.  |0 http://id.loc.gov/authorities/names/no96009180 
245 1 0 |a Microsoft® Windows® Registry Guide, 2nd Edition /  |c Honeycutt, Jerry. 
250 |a 2nd edition. 
264 1 |b Microsoft Press,  |c 2005. 
300 |a 1 online resource (608 pages) 
336 |a text  |b txt  |2 rdacontent 
337 |a computer  |b c  |2 rdamedia 
338 |a online resource  |b cr  |2 rdacarrier 
347 |a text file 
520 |a Get the in-depth information you need to modify-and seamlessly manage-the Windows registry. Written for IT professionals and power users, this vital resource reveals little-known registry techniques, tricks, tips, and secrets to make your job easier. Understand the inner workings of the Windows operating system-and use the registry to get Windows Server 2003 and Windows XP to run the way you want, on a single desktop or across the network. You'll learn how to pinpoint registry settings and script registry changes, deal with registry permissions, use Windows Installer, and map Tweak UI settings. Also, find best practices for how to back up, restore, and maintain registry settings with confidence. The CD includes 100+ registry files for customizing operating system appearance and behavior, and the complete eBook. You'll learn how to: - Apply best practices to back up, restore, manage, and modify the registry - Customize group and system policies to manage multiple PCs andusers remotely - Track down registry settings and script changes - Optimize server services, including network connections and authentication - Deploy user profiles and Microsoft Office program settings - Configure security services, including Windows Firewall, templates, and service pack features - Troubleshoot the registry-resolving common problems and corruption issues Visit the catalog page for Microsoft® Windows® Registry Guide, 2nd EditionVisit the errata page for Microsoft® Windows® Registry Guide, 2nd EditionDownload the supplemental electronic content for Microsoft® Windows® Registry Guide, 2nd Edition 
533 |a Electronic reproduction.  |b Boston, MA :  |c Safari,  |n Available via World Wide Web.  |d 2005. 
538 |a Mode of access: World Wide Web. 
542 |f Copyright © Microsoft Press  |g 2005 
588 |a Online resource; Title from title page (viewed September 7, 2005) 
500 |a Electronic resource. 
655 7 |a Electronic books.  |2 local 
710 2 |a Safari, an O'Reilly Media Company. 
856 4 0 |u https://proxy.library.tamu.edu/login?url=https://go.oreilly.com/TAMU/library/view/-/0735622183/?ar  |z Connect to this electronic resource  |t 0 
999 f f |s 4ca02887-3592-3666-9524-a729de0b0c89  |i 85402daf-1e5c-33ff-9c50-186009d15cc2  |t 0 
952 f f |a Texas A&M University  |b College Station  |c Electronic Resources  |s www_evans  |d Available Online  |t 0  |h No information provided 
998 f f |t 0  |l Available Online